Carregant...

Tippu sultan: charithra yaadhaarthyam

Dades bibliogràfiques
Autor principal: Hassan publications
Format: Printed Book
Publicat: Hassan publication, Kozhikode 1991
Matèries:
LEADER 00574nam a2200157 4500
082 |a 954.8703 HAS 
100 |a Hassan publications 
245 |a Tippu sultan: charithra yaadhaarthyam  |c Hassan publications 
250
260 |a Hassan publication, Kozhikode  |c 1991 
300 |a 131 P 
490
650 |a Medieval Indian history--Mysore history--Tipu sultan--Kerala history--Kerala muslims--Biography--Malayalam books 
942 |c BK 
999 |c 187162  |d 187162 
952 |0 0  |1 0  |4 0  |6 954_870300000000000_HAS  |7 0  |9 200511  |a ISL  |b ISL  |l 0  |o 954.8703 HAS  |p ISL01251  |r 2019-10-28  |w 2019-10-28  |y BK